| 000 | 00784naa a2200205 4500 | ||
|---|---|---|---|
| 001 | 2162214035924781 | ||
| 003 | UA-OsUOA | ||
| 005 | 20240325162235.0 | ||
| 008 | 240325b un ||||| |||| 00| 0 ukr d | ||
| 040 |
_aUA-OsUOA _bukr _cUA-OsUOA _dUA-OsUOA |
||
| 041 | _aukr | ||
| 080 | _a908 | ||
| 090 | _a908 | ||
| 100 |
_aБородинська Л. _92219 |
||
| 245 |
_aДерманські шляхи Володимира Марцинковського _cЛіна Бородинська |
||
| 300 | _aС. 156–166 | ||
| 650 | _2UDC | ||
| 773 | 0 |
_0576002 _9471927 _aНаціональна академія наук України _dРівне Коло 2019 _o167080 _tДермань і Мізоч в історії та культурі Волині _z9789660290570 |
|
| 942 |
_2udc _cBKA |
||
| 999 |
_c576046 _d576046 |
||